000
00288nam a2200109Ia 4500
008
220204s9999 xx 000 0 und d
082
_a
075
_b
LAN
100
_a
Lancaster, John
245
0
_a
Painting: Illustrated teach yourself
260
_a
London
_b
Hodder and Stoughton
_c
1977
942
_c
BK
999
_c
35266
_d
35266